France or Italy? - Statistics

General Stats
  • This quiz has been taken 40 times
  • The average score is 14 of 16
Answer Stats
Question Answer % Correct
Birthplace of Pizza
100%
Home to the Eiffel Tower
100%
Vatican City and San Marino are located inside.
100%
Gifted the Statue of Liberty
100%
Larger by population
97%
LAST QUESTION: Home to Florence Cathedral
97%
Larger by land
95%
Has Cities like Berlin, Frankfurt and Munich None of the Above
92%
Had colonies in the USA
89%
BONUS QUESTION: The country shape is shaped like a hexagon
89%
Home to Alps Both
89%
Richer in GDP Per Capita
87%
Was an Axis power.
87%
Birthplace of Renaissance
87%
Richer in GDP Nominal
76%
Higher literacy rate Both
16%
No matching quizzes found
Score Distribution
Percent of People with Each Score
Percentile by Number Answered
Your Score History
You have not taken this quiz